01210cam a2200325 a 450000100090000000300050000900500170001400800410003101000170007202000290008902000340011802000380015202000390019002000510022902000460028003500220032604000180034804200080036605000210037408200080039510000310040324500770043425000170051126000450052830000540057350000510062754601520067865000190083070000350084913446803PILC20150819082336.0031231s2005 cauab b 001 0 eng  a 2003117126 a0534627129 (student ed.) a0534627161 (instructor's ed.) a0534274943 (InfoTrac college ed.) a0534627455 (to 1400, chapters 112) a0534627145 (vol.2: since 1400, chapters 1329) a0534627137 (vol.1: to 1800, chapters 117) a(DLC) 2003117126 aDLCcDLCdDLC apcc00aD 20b.D918 200500a9091 aDuiker, William J.,d1932-14aThe essential world history /cWilliam J. Duiker, Jackson J. Spielvogel. a2nd edition. aBelmont, CA :bThomson/Wadsworth,c2005. axxxi, 701 pages :bcolor illustrations ;c28 cm.  aIncludes bibliographical references and index. aSystem requirements for accompanying CD-ROM: Windows 98, ME, or XP with a Pentium II processor; or Mac OS 8.6 or later, PowerPC processor or later. 0aWorld history.1 aSpielvogel, Jackson J.,d1939-